000 00692nam a2200289Ia 4500
001 13427
003 26018
005 20250301070715.0
008 ||||||n9999 ||| || ||
041 _afre
082 _219
_a338.8
100 _aBijon, Claude
_921667
245 0 _aPratique des strategiern de l'entreprise
_bexperiences de prospective appliquee
260 _aFrancia :
_bEditions Hommes et Techniques,
_c1974.
300 _a151p.
562 _e1
650 0 _aEmpresas
_96263
650 _aGESTIÓN
_915776
942 _cBKM
999 _c13427
_d13427
526 _a116204
526 _a4969
526 _a19790
526 _a104436
526 _a5144
526 _a51868
526 _a1697